[Event "BL2 Ost 1415 (Women)"]
[Site "Germany"]
[Date "2014.11.29"]
[Round "3.4"]
[White "Burchardt, Brigitte"]
[Black "Bayarmaa, Battogtokh"]
[Result "1-0"]
[WhiteElo "2164"]
[BlackElo "1616"]
[PlyCount "93"]
[EventDate "2014.09.27"]
[EventType "team-tourn"]
[EventRounds "7"]
[EventCountry "GER"]
[SourceTitle "CBM 166 Extra"]
[Source "ChessBase"]
[SourceDate "2015.06.18"]
[SourceVersion "1"]
[SourceVersionDate "2015.06.18"]
[SourceQuality "1"]
[WhiteTeam "Berlin Rotation (W)"]
[BlackTeam "Friedberg (W) II"]
[WhiteTeamCountry "GER"]
[BlackTeamCountry "GER"]

1. e4 e5 2. Bc4 Nf6 3. d3 Bc5 4. Nf3 Nc6 5. 0-0 h6 6. c3 d6 7. b4 Bb6 8. a4 a6 9. h3 0-0 10. Qe2 Bd7 11. Na3 Ne7 12. Nc2 Ng6 13. Nh2 Qc8 14. Qf3 Kh8 15. Be3 Qd8 16. Kh1 Nh4 17. Qe2 Ng8 18. f4 f5 19. Bxb6 cxb6 20. Ne3 exf4 21. Rxf4 Qg5 22. Raf1 Ne7 23. R4f2 Bxa4 24. Nf3 Nxf3 25. Rxf3 Bd7 26. Qf2 g6 27. exf5 Nxf5 28. Nxf5 Bxf5 29. g4 Bxd3 30. Bxd3 Rxf3 31. Qxf3 Qe7 32. Qf7 Qxf7 33. Rxf7 Kg8 34. Rxb7 a5 35. Rxb6 axb4 36. cxb4 Ra3 37. Rxd6 Kf8 38. Kg2 Ke7 39. Rd4 g5 40. b5 Rb3 41. Be2 Rb2 42. Kf2 Rb3 43. Rd3 Rb4 44. Ra3 Kf7 45. Ra6 Kg7 46. b6 Rb2 47. Ra7+ 1-0

[Event "Muensterland Verbandsklasse-B 0607"]
[Site "Germany"]
[Date "2006.09.23"]
[Round "1.8"]
[White "Metschan, Helmuth"]
[Black "Bayarmaa, Battogtokh"]
[Result "1-0"]
[WhiteElo "1800"]
[BlackElo "1707"]
[PlyCount "121"]
[EventDate "2006.09.23"]
[EventType "team"]
[EventRounds "9"]
[EventCountry "GER"]
[SourceTitle "EXT 2008"]
[Source "ChessBase"]
[SourceDate "2007.11.25"]
[SourceVersion "1"]
[SourceVersionDate "2007.11.25"]
[SourceQuality "1"]
[WhiteTeam "Ahaus Wessum"]
[BlackTeam "Steinfurt"]
[WhiteTeamCountry "GER"]
[BlackTeamCountry "GER"]

1. e4 e5 2. Nf3 Nc6 3. Bb5 a6 4. Ba4 Nf6 5. 0-0 b5 6. Bb3 Bc5 7. c3 d6 8. d4 Bb6 9. dxe5 Nxe5 10. Nxe5 dxe5 11. Qxd8+ Kxd8 12. Bg5 Ke7 13. Nd2 h6 14. Bxf6+ gxf6 15. Bd5 Rb8 16. a4 Bd7 17. axb5 axb5 18. b4 Rhg8 19. Kh1 h5 20. Nf3 Rg7 21. Nh4 Rbg8 22. f3 Be3 23. Ra2 Rg5 24. Re1 Bb6 25. Rd1 Bh3 26. Bc6 Be6 27. Rad2 Rb8 28. Nf5+ Bxf5 29. exf5 Rxf5 30. Rd7+ Kf8 31. Bd5 Kg7 32. Bxf7 Kh6 33. Be6 Rg5 34. Rf7 Rbg8 35. g3 R8g7 36. Rxf6+ R7g6 37. Rxg6+ Rxg6 38. Bf5 Rf6 39. Be4 Rd6 40. Rxd6+ cxd6 41. Bc6 Be3 42. Bxb5 Bd2 43. Bc6 Bxc3 44. b5 Bd4 45. h4 Kg6 46. Be8+ Kf5 47. Bxh5 Ke6 48. Kg2 d5 49. Bg6 Kf6 50. h5 Kg5 51. Bf7 Bc5 52. g4 d4 53. Bg6 Kf6 54. Kf1 Kg5 55. Ke2 Kf4 56. h6 Bf8 57. h7 Bg7 58. b6 Kg5 59. Be4 Kh6 60. b7 d3+ 61. Kxd3 1-0